| 000 | 00550nam a22001937a 4500 | ||
|---|---|---|---|
| 999 |
_c525902 _d525902 |
||
| 003 | NUST | ||
| 005 | 20190707134846.0 | ||
| 008 | 190705b ||||| |||| 00| 0 eng d | ||
| 038 | _aMr.Atta | ||
| 082 | _a510 | ||
| 100 |
_aAzeem, Sumbul _916847 |
||
| 245 |
_aRelationship Between M - Convexity and Ultramodularity / _cSumbul Azeem. |
||
| 260 |
_aIslamabad : _bCAMP - NUST, _c2013. |
||
| 300 |
_a48 p. ; _c30cm. |
||
| 500 | _aHardcover. | ||
| 650 |
_aMathematics - M.Phil Thesis _916594 |
||
| 700 |
_aDr. Rashid Farooq. _916579 |
||
| 942 |
_2ddc _cTHE |
||